[Event "IECG TG.2005.0.15423"]
[Site "IECG email"]
[Date "2005.06.06"]
[Round "1"]
[White "Snitselaar, Jerry J"]
[Black "Rogers, Steven"]
[Result "1-0"]
[WhiteElo "1140"]
[BlackElo "1036"]
[PlyCount "23"]
[EventDate "2005.06.06"]
[EventType "match (corr)"]
[EventRounds "2"]
[SourceTitle "Corr 2024"]
[Source "ChessBase"]
[SourceDate "2023.10.19"]
[SourceVersion "1"]
[SourceVersionDate "2023.10.19"]
[SourceQuality "1"]

1. d4 d5 2. c4 Nf6 3. cxd5 Nxd5 4. e4 Nf6 5. Nc3 e6 6. Nf3 Bb4 7. Bd3 Bxc3+ 8. bxc3 0-0 9. e5 Nd5 10. Bxh7+ Kxh7 11. Ng5+ Kg8 12. Qh5 1-0

[Event "IECG CF.2005.0.00071 email"]
[Site "IECG email"]
[Date "2005.05.16"]
[Round "?"]
[White "Rogers, Steven"]
[Black "Belem, Juarez Rodrigues Jr"]
[Result "0-1"]
[WhiteElo "1036"]
[BlackElo "1192"]
[PlyCount "44"]
[EventDate "2005.05.16"]
[EventType "tourn (corr)"]
[EventRounds "6"]
[SourceTitle "Corr 2008"]
[Source "ChessBase"]
[SourceDate "2008.06.24"]
[SourceVersion "1"]
[SourceVersionDate "2008.06.24"]
[SourceQuality "1"]

1. e4 e5 2. Nf3 Nc6 3. d4 exd4 4. Nxd4 Bc5 5. c3 Nf6 6. Bd3 Nxd4 7. cxd4 Bxd4 8. 0-0 0-0 9. Qf3 d6 10. Bg5 Bxb2 11. e5 Bxa1 12. exf6 Bxf6 13. Bxf6 Qxf6 14. Qh5 g6 15. Qh6 Qd4 16. Be2 Re8 17. Bh5 Qh4 18. g3 Qxh5 19. Qxh5 gxh5 20. Nd2 Bh3 21. Rd1 Re2 22. f3 f5 0-1

[Event "IECG QF.2005.0.00062 email"]
[Site "IECG email"]
[Date "2005.02.25"]
[Round "?"]
[White "Rogers, Steven"]
[Black "Mallard, Ken"]
[Result "0-1"]
[WhiteElo "1107"]
[BlackElo "1152"]
[PlyCount "56"]
[EventDate "2005.02.25"]
[EventType "tourn (corr)"]
[EventRounds "6"]
[SourceTitle "Corr 2008"]
[Source "ChessBase"]
[SourceDate "2008.06.24"]
[SourceVersion "1"]
[SourceVersionDate "2008.06.24"]
[SourceQuality "1"]

1. e4 d5 2. Nc3 d4 3. Nb5 a6 4. Nxd4 Qxd4 5. d3 Nc6 6. c3 Qd8 7. d4 e5 8. Nf3 Bg4 9. Bc4 Nf6 10. Qb3 Bh5 11. dxe5 b5 12. Bd5 Nxd5 13. exd5 Na5 14. Qc2 Qxd5 15. 0-0 Bxf3 16. gxf3 Qxf3 17. Be3 Nc4 18. Rad1 Be7 19. Qd3 0-0 20. b3 Nb2 21. Qd7 Nxd1 22. Qxe7 Nxe3 23. fxe3 Qxe3+ 24. Kh1 Rae8 25. Qh4 Rxe5 26. Rg1 Qf3+ 27. Rg2 Rfe8 28. h3 Re2 0-1

[Event "IECG QF.2004.0.00059 email"]
[Site "IECG email"]
[Date "2004.12.05"]
[Round "?"]
[White "Rogers, Steven"]
[Black "Hadden, Ian"]
[Result "0-1"]
[WhiteElo "1127"]
[BlackElo "1187"]
[PlyCount "34"]
[EventDate "2004.12.05"]
[EventType "tourn (corr)"]
[EventRounds "6"]
[SourceTitle "Corr 2008"]
[Source "ChessBase"]
[SourceDate "2008.06.24"]
[SourceVersion "1"]
[SourceVersionDate "2008.06.24"]
[SourceQuality "1"]

1. e4 c5 2. d4 cxd4 3. Qxd4 Nc6 4. Qd3 Nf6 5. Nf3 e5 6. Be3 d5 7. Bg5 Qa5+ 8. c3 dxe4 9. Qc4 Be6 10. Qe2 exf3 11. Qxf3 Nd4 12. Qxb7 Bd5 13. Qxa8+ Bxa8 14. Be2 Nc2+ 15. Kf1 Nxa1 16. b4 Qxa2 17. g3 Qxb1+ 0-1

[Event "IECG QF.2004.0.00054"]
[Site "IECG email"]
[Date "2004.05.14"]
[Round "?"]
[White "Rogers, Steven"]
[Black "James, Michael"]
[Result "0-1"]
[WhiteElo "1177"]
[BlackElo "1160"]
[PlyCount "90"]
[EventDate "2004.05.14"]
[EventType "tourn (corr)"]
[EventRounds "6"]
[SourceTitle "Corr 2008"]
[Source "ChessBase"]
[SourceDate "2008.06.24"]
[SourceVersion "1"]
[SourceVersionDate "2008.06.24"]
[SourceQuality "1"]

1. e4 g6 2. d4 Bg7 3. Nf3 d6 4. Bc4 e6 5. 0-0 Nf6 6. Nc3 d5 7. exd5 exd5 8. Re1+ Be6 9. Bb5+ c6 10. Bd3 0-0 11. Ng5 Bg4 12. f3 Bd7 13. Bf4 Nh5 14. Be3 h6 15. Nh3 Bxh3 16. gxh3 Qh4 17. Bf2 Bxd4 18. Bxd4 Qxd4+ 19. Kh1 Nd7 20. Re7 Rad8 21. Qe1 Nf4 22. Ne2 Nxe2 23. Qxe2 Qxb2 24. Rg1 Qf6 25. Re1 Nc5 26. Qe3 d4 27. Qxh6 Nxd3 28. cxd3 Qxf3+ 29. Kg1 Qxd3 30. Rxb7 Rde8 31. Rf1 a5 32. Rb3 Qc2 33. Rg3 c5 34. Rc1 Qf5 35. Rg2 c4 36. Rf2 Qc5 37. Rg2 d3+ 38. Kh1 Qd5 39. Kg1 Qd4+ 40. Kf1 c3 41. Rg4 Re4 42. Rxe4 Qxe4 43. Rxc3 Re8 44. Rc8 Rxc8 45. Qg5 Qe2+ 0-1

[Event "IECG QF.2004.0.00050"]
[Site "IECG email"]
[Date "2004.02.07"]
[Round "2"]
[White "Rosenvasser, Pablo"]
[Black "Rogers, Steven"]
[Result "0-1"]
[WhiteElo "1000"]
[BlackElo "1136"]
[PlyCount "26"]
[EventDate "2004.01.10"]
[EventType "tourn (corr)"]
[EventRounds "6"]
[SourceTitle "Corr 2024"]
[Source "ChessBase"]
[SourceDate "2023.10.19"]
[SourceVersion "1"]
[SourceVersionDate "2023.10.19"]
[SourceQuality "1"]

1. e4 e5 2. f4 exf4 3. Nf3 Nf6 4. Nc3 d5 5. exd5 Nxd5 6. Nxd5 Qxd5 7. d4 Bd6 8. c4 Qe4+ 9. Kf2 Bg4 10. Be2 0-0 11. Re1 Bb4 12. Bd2 Nc6 13. Bd3 Qxd3 0-1

[Event "IECG QF.2004.0.00050"]
[Site "IECG email"]
[Date "2004.01.10"]
[Round "1"]
[White "Rogers, Steven"]
[Black "Rosenvasser, Pablo"]
[Result "1-0"]
[WhiteElo "1136"]
[BlackElo "1000"]
[PlyCount "33"]
[EventDate "2004.01.10"]
[EventType "tourn (corr)"]
[EventRounds "6"]
[SourceTitle "Corr 2008"]
[Source "ChessBase"]
[SourceDate "2008.06.24"]
[SourceVersion "1"]
[SourceVersionDate "2008.06.24"]
[SourceQuality "1"]

1. e4 c5 2. Bc4 Nc6 3. Qf3 Ne5 4. Qc3 Nxc4 5. Qxc4 e6 6. Nc3 Nf6 7. Nf3 Be7 8. d4 cxd4 9. Qxd4 d6 10. 0-0 0-0 11. Rd1 Bd7 12. e5 dxe5 13. Nxe5 Be8 14. Be3 a6 15. Qxd8 Rxd8 16. Rxd8 Bxd8 17. Bc5 1-0

[Event "IECG QF.2003.0.00047"]
[Site "IECG email"]
[Date "2003.10.29"]
[Round "2"]
[White "Rogers, Steven"]
[Black "Marshall, Matthew"]
[Result "1-0"]
[WhiteElo "1000"]
[BlackElo "1055"]
[PlyCount "39"]
[EventDate "2003.10.29"]
[EventType "tourn (corr)"]
[EventRounds "6"]
[SourceTitle "Corr 2008"]
[Source "ChessBase"]
[SourceDate "2008.06.24"]
[SourceVersion "1"]
[SourceVersionDate "2008.06.24"]
[SourceQuality "1"]

1. e4 e5 2. Nf3 Nf6 3. Nxe5 Nxe4 4. Qe2 Qe7 5. Qxe4 d6 6. d4 dxe5 7. dxe5 Nc6 8. f4 f6 9. Bb5 Bd7 10. Nc3 fxe5 11. Nd5 Qd6 12. fxe5 Nxe5 13. Bf4 0-0-0 14. Bxe5 Qc5 15. Bxd7+ Rxd7 16. 0-0-0 c6 17. Nb6+ axb6 18. Rxd7 Kxd7 19. Rd1+ Kc8 20. Qf5# 1-0

[Event "IECG TG-2003-0-14942"]
[Site "IECG email"]
[Date "2003.07.27"]
[Round "1"]
[White "Logan, Hardie"]
[Black "Rogers, Steven"]
[Result "0-1"]
[WhiteElo "1054"]
[BlackElo "1000"]
[PlyCount "64"]
[EventDate "2003.07.27"]
[EventType "tourn (corr)"]
[EventRounds "6"]
[SourceTitle "Corr 2024"]
[Source "ChessBase"]
[SourceDate "2023.10.19"]
[SourceVersion "1"]
[SourceVersionDate "2023.10.19"]
[SourceQuality "1"]

1. c4 e5 2. a3 Nf6 3. g3 d5 4. cxd5 Nxd5 5. Bg2 Be6 6. e3 Be7 7. Qa4+ Qd7 8. Qxd7+ Nxd7 9. Ne2 Nc5 10. 0-0 Nb3 11. Ra2 Nf6 12. Re1 0-0-0 13. d4 exd4 14. Nf4 Bc4 15. Bf1 d3 16. Rd1 Nxc1 17. b3 Bxb3 18. Rxc1 Bxa2 19. Nc3 d2 20. Ra1 Bb3 21. Be2 g5 22. Nd3 Rhe8 23. Nb2 Bd6 24. Nd3 Ne4 25. Nb5 Be7 26. Nxa7+ Kb8 27. Nb5 Bf6 28. Nd4 Bxd4 29. exd4 Rxd4 30. Nb2 Nc3 31. Bf1 Re1 32. Rxe1 dxe1Q 0-1

[Event "South Lyon op"]
[Site "South Lyon"]
[Date "2003.03.09"]
[Round "5"]
[White "Gurski, Michael"]
[Black "Rogers, Steven"]
[Result "1-0"]
[WhiteElo "1011"]
[BlackElo "841"]
[PlyCount "39"]
[EventDate "2003.03.08"]
[EventType "swiss"]
[EventRounds "5"]
[EventCountry "USA"]
[SourceTitle "EXT 2008"]
[Source "ChessBase"]
[SourceDate "2007.11.25"]
[SourceVersion "1"]
[SourceVersionDate "2007.11.25"]
[SourceQuality "1"]

1. e4 e6 2. d4 d5 3. exd5 exd5 4. Nf3 Nf6 5. Bd3 Bd6 6. Nc3 Nc6 7. 0-0 0-0 8. Bg5 Be7 9. Re1 Be6 10. Ne5 Nxd4 11. Ne2 Qd6 12. Nxd4 h6 13. Bh4 g5 14. Bg3 Nh5 15. Qxh5 f6 16. Ng6 Qc5 17. Nxf8 Kxf8 18. Nxe6+ Kg8 19. Qg6+ Kh8 20. Qg7# 1-0